Statistics for Quiz Physics Scientific Knowledge #2

Click here to take the quiz!

General Stats

  • This quiz has been taken 82 times
  • The average score is 8 of 13

Answer Stats

HintAnswer% Correct
What particles is light made up ofPhotons
89%
The force that opposes the motion of objects on surfacesFriction
84%
A change in velocityAcceleration
82%
When 2 alike magnetic poles (e.g. 2 North poles) come into contact, they:Repel
74%
The flow of electronsCurrent
72%
What type of wave on the Electromagnetic spectrum has the longest wavelengthRadiowaves
72%
The complex fundamental theory in physics proposed by Albert Einstein, which revolutionised our understanding of the relationship between space and time.Relativity
69%
Commonly referred to as "drag", what are the forces that act in opposition to the motion of objects falling through the airAir Resistance
68%
The ''push'' of electronsVoltage
51%
The phenomenon observed in stars when their motion is travelling towards or away from the observerRed shift / Blue Shift
50%
A magnet made out of a coil, a power source (e.g. battery), and a ferromagnetic core (e.g. an iron nail) is called:electromagnet
43%
The theory proposed by schrodinger stating that the cat in the box is simultaneously dead and alive at the same timeSchrodinger's Cat
28%
The currents found when conductors experience a changing magnetic fieldEddy currents
19%

Score Distribution

Percentile by Number Answered

Percent of People with Each Score

Your Score History

You have not taken this quiz